Państwa Europy po I wojnie światowej - Statystyki

Ogólne statystyki
  • Ten quiz został rozwiązany 1 294 razy
  • Średni wynik to 24 z 25
Odpowiedzi na mapie
Odpowiedzi zakodowano w zielono-czerwonej skali na mapie do tego quizu, zgodnie z poniższymi procentami.
 
Statystyki odpowiedzi
kraj % Poprawnych
Imperium Rosyjskie
99%
Cesarstwo Niemieckie
98%
Francja
98%
Hiszpania
98%
Wielka Brytania
98%
Włochy
98%
Belgia
97%
Dania
97%
Holandia
97%
Norwegia
97%
Portugalia
97%
Szwecja
97%
Grecja
96%
Szwajcaria
96%
Albania
94%
Luksemburg
94%
Rumunia
94%
San Marino
94%
Andora
93%
Bułgaria
93%
Monako
92%
Serbia
92%
Austro-Węgry
91%
Liechtenstein
91%
Czarnogóra
88%
Nie znaleziono quizów pasujących do podanych kryteriów
Rozkład punktacji
Procent ludzi z każdym wynikiem
Percentyl według liczby udzielonych odpowiedzi
Twoja historia wyników
Nie rozwiązałeś tego quizu